000 00678nam a2200289Ia 4500
005 20260324133838.0
008 008 260324s9999 xx 000 0 eng d
020 _a9781315013671
037 _aEBOOK
040 _aCRL
040 _beng
040 _cCRL
041 _2eng
041 _aeng
084 _qCRL
100 _aW. Baldamus
_91194614
245 0 _aEfficiency and Effort
245 3 _bAn analysis of industrial administration
260 _bTaylor and Francis
260 _c2002
365 _a
365 _b350
856 _uhttp://www.taylorfrancis.com/books/9781315013671
942 _cEBOOK
999 _c1794084
_d1794084